[Event "LSS RB-2008-0-00025"]
[Site "LSS email"]
[Date "2008.09.21"]
[Round "?"]
[White "Eshuis, Hendrik"]
[Black "Podgursky, Artur"]
[Result "0-1"]
[WhiteElo "1988"]
[BlackElo "2275"]
[PlyCount "60"]
[EventDate "2008.09.14"]
[EventType "tourn (corr)"]
[EventRounds "6"]
[EventCountry "GER"]
[SourceTitle "Corr 2013"]
[Source "ChessBase"]
[SourceDate "2012.11.12"]
[SourceVersion "1"]
[SourceVersionDate "2012.11.12"]
[SourceQuality "1"]

1. e4 c5 2. Nf3 d6 3. d4 cxd4 4. Nxd4 Nf6 5. Nc3 a6 6. Bg5 e6 7. f4 Qb6 8. Qd2 Qxb2 9. Rb1 Qa3 10. e5 dxe5 11. fxe5 Nfd7 12. Ne4 h6 13. Bb5 hxg5 14. Rb3 Qxa2 15. Qc3 axb5 16. Qxc8+ Ke7 17. 0-0 Qa7 18. Rd3 Nxe5 19. Rxf7+ Nxf7 20. Qxe6+ Kd8 21. Kf1 Qa1+ 22. Ke2 Qa2 23. Nb3+ Nd6 24. Nxd6 Qxc2+ 25. Nd2 Bxd6 26. Qxd6+ Kc8 27. Qe6+ Nd7 28. Rxd7 Ra6 29. Rd6+ Kc7 30. Rd7+ Kb8 0-1

[Event "LSS RB-2008-0-00025"]
[Site "LSS email"]
[Date "2008.09.21"]
[Round "?"]
[White "Rattay, Walter"]
[Black "Eshuis, Hendrik"]
[Result "0-1"]
[WhiteElo "1884"]
[BlackElo "1988"]
[PlyCount "78"]
[EventDate "2008.09.14"]
[EventType "tourn (corr)"]
[EventRounds "6"]
[EventCountry "GER"]
[SourceTitle "Corr 2013"]
[Source "ChessBase"]
[SourceDate "2012.11.12"]
[SourceVersion "1"]
[SourceVersionDate "2012.11.12"]
[SourceQuality "1"]

1. e4 e6 2. d4 d5 3. Nd2 Nf6 4. e5 Nfd7 5. Bd3 c5 6. c3 Nc6 7. Ne2 cxd4 8. cxd4 f6 9. exf6 Nxf6 10. Nf3 Bd6 11. 0-0 Qc7 12. Bg5 0-0 13. Bh4 Nh5 14. Qc2 h6 15. Bh7+ Kh8 16. Bg6 Rxf3 17. gxf3 Bxh2+ 18. Kg2 Nf4+ 19. Nxf4 Qxf4 20. Bg3 Bxg3 21. fxg3 Qxd4 22. Be8 Nb4 23. Qe2 Qf6 24. a3 Nc6 25. Rae1 Qf8 26. Bxc6 bxc6 27. Qe5 Qf6 28. Qxf6 gxf6 29. Rh1 Rb8 30. b4 Kg7 31. g4 e5 32. Rh2 Ba6 33. Reh1 Rh8 34. f4 exf4 35. Kf3 Bd3 36. Kxf4 Re8 37. Rxh6 a5 38. bxa5 Re4+ 39. Kg3 Re3+ 0-1

[Event "LSS RB-2008-0-00024"]
[Site "LSS email"]
[Date "2008.09.15"]
[Round "?"]
[White "Eshuis, Hendrik"]
[Black "Hrubaru, Mircea"]
[Result "1-0"]
[WhiteElo "1888"]
[BlackElo "1911"]
[PlyCount "97"]
[EventDate "2008.09.13"]
[EventType "tourn (corr)"]
[EventRounds "6"]
[EventCountry "GER"]
[SourceTitle "Corr 2011"]
[Source "ChessBase"]
[SourceDate "2010.08.31"]
[SourceVersion "1"]
[SourceVersionDate "2010.08.31"]
[SourceQuality "1"]

1. e4 c6 2. d4 d5 3. Nc3 dxe4 4. Nxe4 Bf5 5. Ng3 Bg6 6. h4 h6 7. Nf3 Nd7 8. h5 Bh7 9. Bd3 Bxd3 10. Qxd3 e6 11. Bf4 Qa5+ 12. Bd2 Bb4 13. c3 Be7 14. c4 Qc7 15. Ne4 Ngf6 16. 0-0-0 0-0 17. Nxf6+ Nxf6 18. Ne5 c5 19. Bf4 Qa5 20. Qg3 Ne4 21. Qe3 Ng5 22. Kb1 cxd4 23. Rxd4 Bc5 24. Qd2 Qxd2 25. Rxd2 Ne4 26. Re2 Nf6 27. g4 Bd6 28. g5 hxg5 29. Bxg5 Bxe5 30. Rxe5 Ng4 31. Re2 Rac8 32. Rg1 f6 33. Rxg4 fxg5 34. Rxe6 Rxf2 35. Re5 Rf1+ 36. Kc2 Rf4 37. Rxf4 gxf4 38. Kd3 Rc6 39. Rf5 Rd6+ 40. Kc3 Rh6 41. Kd2 f3 42. Ke3 Rb6 43. b3 Ra6 44. a4 Rb6 45. Rb5 Rf6 46. Kf2 b6 47. c5 bxc5 48. Rxc5 Rb6 49. Rc3 1-0

[Event "LSS SC-2008-0-00015"]
[Site "LSS email"]
[Date "2008.08.26"]
[Round "?"]
[White "Turoczi, Peter"]
[Black "Eshuis, Hendrik"]
[Result "1/2-1/2"]
[WhiteElo "1732"]
[BlackElo "1768"]
[PlyCount "45"]
[EventDate "2008.08.17"]
[EventType "tourn (corr)"]
[EventRounds "6"]
[EventCountry "GER"]
[SourceTitle "Corr 2011"]
[Source "ChessBase"]
[SourceDate "2010.08.31"]
[SourceVersion "1"]
[SourceVersionDate "2010.08.31"]
[SourceQuality "1"]

1. c4 Nf6 2. Nf3 c6 3. d4 d5 4. Nc3 e6 5. Bg5 dxc4 6. e4 b5 7. e5 h6 8. Bh4 g5 9. Nxg5 hxg5 10. Bxg5 Nbd7 11. exf6 Bb7 12. g3 c5 13. d5 Nxf6 14. Bg2 Bh6 15. Bxh6 Rxh6 16. Nxb5 Qb6 17. Qc1 Rh5 18. Qf4 Qxb5 19. Qxf6 Qb4+ 20. Kf1 Rf5 21. Qh8+ Ke7 22. Qh4+ Ke8 23. Qh8+ 1/2-1/2

[Event "LSS SC-2008-0-00015"]
[Site "LSS email"]
[Date "2008.08.22"]
[Round "?"]
[White "Eshuis, Hendrik"]
[Black "Hauschild, Achim"]
[Result "1/2-1/2"]
[WhiteElo "1768"]
[BlackElo "1786"]
[PlyCount "35"]
[EventDate "2008.08.17"]
[EventType "tourn (corr)"]
[EventRounds "6"]
[EventCountry "GER"]
[SourceTitle "Corr 2011"]
[Source "ChessBase"]
[SourceDate "2010.08.31"]
[SourceVersion "1"]
[SourceVersionDate "2010.08.31"]
[SourceQuality "1"]

1. e4 c5 2. Nf3 Nc6 3. d4 cxd4 4. Nxd4 Nf6 5. Nc3 e6 6. Ndb5 d6 7. Bf4 e5 8. Bg5 a6 9. Na3 b5 10. Bxf6 gxf6 11. Nd5 f5 12. Bxb5 axb5 13. Nxb5 Ra4 14. b4 Qh4 15. 0-0 Rg8 16. c3 f4 17. Qxa4 Rxg2+ 18. Kxg2 1/2-1/2

[Event "LSS SC-2008-0-00015"]
[Site "LSS email"]
[Date "2008.08.22"]
[Round "?"]
[White "Iacobitz, Lucian Valentin"]
[Black "Eshuis, Hendrik"]
[Result "0-1"]
[WhiteElo "1978"]
[BlackElo "1988"]
[PlyCount "90"]
[EventDate "2008.08.17"]
[EventType "tourn (corr)"]
[EventRounds "6"]
[EventCountry "GER"]
[SourceTitle "Corr 2013"]
[Source "ChessBase"]
[SourceDate "2012.11.12"]
[SourceVersion "1"]
[SourceVersionDate "2012.11.12"]
[SourceQuality "1"]
[WhiteTeam "US of America"]
[BlackTeam "US of America"]
[WhiteTeamCountry "USA"]
[BlackTeamCountry "USA"]

1. e4 c5 2. Nf3 Nc6 3. d4 cxd4 4. Nxd4 Nf6 5. Nc3 e5 6. Ndb5 d6 7. Bg5 a6 8. Na3 b5 9. Bxf6 gxf6 10. Nd5 f5 11. Bd3 Be6 12. 0-0 Bxd5 13. exd5 Ne7 14. c3 Bg7 15. Qh5 e4 16. Bc2 0-0 17. Rae1 Qc8 18. Kh1 Rb8 19. f3 b4 20. Nb1 bxc3 21. bxc3 Bxc3 22. Nxc3 Qxc3 23. Bb1 Ng6 24. fxe4 f4 25. Rc1 Qe3 26. Rfe1 Qd4 27. Red1 Qe5 28. Qh3 Rb2 29. Rf1 Kg7 30. Rc2 Rfb8 31. Rxb2 Qxb2 32. Qd3 Ne5 33. Qd1 Rc8 34. Qe1 h6 35. h3 Rc3 36. Kg1 Re3 37. Qc1 Qd4 38. Kh2 f3 39. Rd1 Qb6 40. Rg1 Re2 41. Qf4 Rxg2+ 42. Rxg2+ fxg2 43. Qg3+ Kf8 44. Qxg2 Qxb1 45. Qe2 Qd3 0-1

[Event "LSS RC-2008-0-00010"]
[Site "LSS email"]
[Date "2008.08.12"]
[Round "?"]
[White "Mueller, Michael"]
[Black "Eshuis, Hendrik"]
[Result "1/2-1/2"]
[WhiteElo "1723"]
[BlackElo "1760"]
[PlyCount "73"]
[EventDate "2008.07.31"]
[EventType "tourn (corr)"]
[EventRounds "6"]
[EventCountry "GER"]
[SourceTitle "Corr 2011"]
[Source "ChessBase"]
[SourceDate "2010.08.31"]
[SourceVersion "1"]
[SourceVersionDate "2010.08.31"]
[SourceQuality "1"]

1. e4 c5 2. Nf3 Nc6 3. d4 cxd4 4. Nxd4 Nf6 5. Nc3 e5 6. Ndb5 d6 7. Bg5 a6 8. Na3 b5 9. Nd5 Be7 10. Bxf6 Bxf6 11. c3 0-0 12. Nc2 Bg5 13. a4 bxa4 14. Rxa4 a5 15. Bc4 Rb8 16. Ra2 Kh8 17. Nce3 Bxe3 18. Nxe3 Ne7 19. 0-0 f5 20. Qd2 f4 21. Nc2 Bb7 22. Qd3 d5 23. exd5 Nxd5 24. b3 Ra8 25. Bxd5 Bxd5 26. c4 Bc6 27. Qxd8 Rfxd8 28. f3 g5 29. Rfa1 Kg7 30. b4 axb4 31. Nxb4 Rxa2 32. Rxa2 Rd1+ 33. Kf2 Be8 34. Ra7+ Kg6 35. Ke2 Rg1 36. Kf2 Rd1 37. Ke2 1/2-1/2

[Event "LSS RC-2008-0-00009"]
[Site "LSS email"]
[Date "2008.07.09"]
[Round "?"]
[White "Asilkefeli, Metin"]
[Black "Eshuis, Hendrik"]
[Result "0-1"]
[WhiteElo "1525"]
[BlackElo "1750"]
[PlyCount "46"]
[EventDate "2008.06.25"]
[EventType "tourn (corr)"]
[EventRounds "6"]
[EventCountry "GER"]
[SourceTitle "Corr 2011"]
[Source "ChessBase"]
[SourceDate "2010.08.31"]
[SourceVersion "1"]
[SourceVersionDate "2010.08.31"]
[SourceQuality "1"]

1. d4 Nf6 2. Nf3 d5 3. g3 e6 4. Bg2 Be7 5. c4 0-0 6. 0-0 dxc4 7. Ne5 Nc6 8. Nxc6 bxc6 9. Nc3 Rb8 10. Qa4 Qxd4 11. Rd1 Qb6 12. Qxc4 Bc5 13. e3 Ba6 14. Qh4 Rbd8 15. b3 Rxd1+ 16. Nxd1 Qa5 17. b4 Bxb4 18. Bb2 e5 19. Qg5 Bd6 20. Bc3 Qc5 21. h4 Be2 22. Be1 Qc2 23. Nc3 h6 0-1